[Event "18. Ciudad de Pamplona - Abierto"]
[Site "Pamplona ESP"]
[Date "2008.12.22"]
[Round "1.2"]
[White "Martinez Ayesa, Aitor"]
[Black "Lariño Nieto, David"]
[Result "0-1"]
[WhiteElo "1795"]
[BlackElo "2469"]
[PlyCount "56"]
[EventDate "2008.12.22"]
[EventType "swiss"]
[EventRounds "9"]
[EventCountry "ESP"]
[Source "lmi"]
[SourceDate "2008.12.22"]

1. d4 e6 2. c4 d5 3. Nc3 c5 4. Nf3 Nc6 5. cxd5 exd5 6. g3 Nf6 7. Bg2 Be7 8. O-O
O-O 9. Bg5 cxd4 10. Nxd4 h6 11. Be3 Bg4 12. Nc2 Be6 13. Nd4 Qd7 14. Nxe6 fxe6
15. Na4 e5 16. Nc5 Bxc5 17. Bxc5 Rf7 18. Qb3 b6 19. Be3 Na5 20. Qd3 Nc4 21. b3
e4 22. Qd4 Nxe3 23. Qxe3 d4 24. Qd2 Rd8 25. Rfd1 Ng4 26. Bh3 Rxf2 27. Bxg4 Qxg4
28. Kxf2 e3+ 0-1

[Event "18. Ciudad de Pamplona - Abierto"]
[Site "Pamplona ESP"]
[Date "2008.12.22"]
[Round "1.3"]
[White "Mellado Triviño, Juan"]
[Black "Duran Fernandez, Emilio"]
[Result "1-0"]
[WhiteElo "2434"]
[BlackElo "1789"]
[PlyCount "57"]
[EventDate "2008.12.22"]
[EventType "swiss"]
[EventRounds "9"]
[EventCountry "ESP"]
[Source "lmi"]
[SourceDate "2008.12.22"]

1. e4 c5 2. c3 e5 3. Nf3 Nc6 4. Bc4 Be7 5. d4 cxd4 6. cxd4 Qc7 7. dxe5 Nxe5 8.
Nxe5 Qxe5 9. Nc3 Nf6 10. Qe2 Bb4 11. Bxf7+ Kxf7 12. Qc4+ Nd5 13. Bd2 Bxc3 14.
Bxc3 Qe6 15. Qxd5 Qxd5 16. exd5 Re8+ 17. Kf1 b6 18. Rd1 Ba6+ 19. Kg1 Re2 20. h4
Rc8 21. Rh3 g6 22. h5 g5 23. Rf3+ Kg8 24. Rf5 h6 25. Rf6 Rc4 26. g3 Bb7 27.
Rxh6 g4 28. Rh8+ Kf7 29. Rh7+ 1-0

[Event "18. Ciudad de Pamplona - Abierto"]
[Site "Pamplona ESP"]
[Date "2008.12.22"]
[Round "1.4"]
[White "Hernandez Zorzano, Fernando"]
[Black "Recuero Guerra, David"]
[Result "0-1"]
[WhiteElo "1786"]
[BlackElo "2425"]
[PlyCount "70"]
[EventDate "2008.12.22"]
[EventType "swiss"]
[EventRounds "9"]
[EventCountry "ESP"]
[Source "lmi"]
[SourceDate "2008.12.22"]

1. d4 e6 2. Nf3 c5 3. c3 Nf6 4. Bg5 h6 5. Bxf6 Qxf6 6. e4 d6 7. e5 Qd8 8. Nbd2
cxd4 9. cxd4 Nc6 10. Bb5 Bd7 11. Qe2 a6 12. Bd3 dxe5 13. dxe5 Nb4 14. O-O Nxd3
15. Qxd3 Bb5 16. Qxd8+ Rxd8 17. Rfc1 Bc6 18. Rc4 Bd5 19. Rc7 Bb4 20. b3 O-O 21.
Rac1 Bc6 22. Nc4 Rd3 23. Nb2 Rc3 24. Rxc3 Bxc3 25. Na4 Ba5 26. Rxc6 bxc6 27.
Nc5 Bb6 28. b4 Bxc5 29. bxc5 Rd8 30. Kf1 Rd5 31. Ne1 Rxc5 32. Nd3 Ra5 33. f4
Rxa2 34. Nb4 Ra1+ 35. Kf2 c5 0-1

[Event "18. Ciudad de Pamplona - Abierto"]
[Site "Pamplona ESP"]
[Date "2008.12.22"]
[Round "1.5"]
[White "Huerga Leache, Mikel"]
[Black "Oyaga Valencia, Jesus Maria"]
[Result "1-0"]
[WhiteElo "2417"]
[BlackElo "1783"]
[PlyCount "63"]
[EventDate "2008.12.22"]
[EventType "swiss"]
[EventRounds "9"]
[EventCountry "ESP"]
[Source "lmi"]
[SourceDate "2008.12.22"]

1. d4 d5 2. Nf3 e6 3. c4 c6 4. g3 f5 5. Bg2 Nf6 6. O-O Bd6 7. b3 O-O 8. Ba3 Qe7
9. Qc1 Nbd7 10. Bxd6 Qxd6 11. Qa3 Qxa3 12. Nxa3 Ne4 13. Rfc1 Nd6 14. Rab1 Nf6
15. Ne5 Nf7 16. Nd3 Ne4 17. Rb2 Rb8 18. Nc2 Bd7 19. Nce1 Be8 20. Nf3 Nf6 21.
Nc5 Nd8 22. Ne5 b6 23. Na6 Rb7 24. cxd5 cxd5 25. Rbc2 Bb5 26. Nc7 Be8 27. e3
Ne4 28. Bf1 Nd6 29. Ba6 Rb8 30. Nxe8 Rxe8 31. Rc7 N8b7 32. Nd7 1-0

[Event "18. Ciudad de Pamplona - Abierto"]
[Site "Pamplona ESP"]
[Date "2008.12.22"]
[Round "1.6"]
[White "Zaratiegui Cardesa, Jose"]
[Black "Djingarova, Emilia"]
[Result "0-1"]
[WhiteElo "1773"]
[BlackElo "2352"]
[PlyCount "30"]
[EventDate "2008.12.22"]
[EventType "swiss"]
[EventRounds "9"]
[EventCountry "ESP"]
[Source "lmi"]
[SourceDate "2008.12.22"]

1. d4 e6 2. c4 b6 3. Nc3 Bb7 4. e4 Bb4 5. Bd3 f5 6. Qc2 Nf6 7. Bg5 fxe4 8. Bxf6
exd3 9. Qxd3 Qxf6 10. f3 Bxc3+ 11. Qxc3 Qh4+ 12. Ke2 O-O 13. Rd1 Nc6 14. Nh3 e5
15. d5 Nd4+ 0-1

[Event "18. Ciudad de Pamplona - Abierto"]
[Site "Pamplona ESP"]
[Date "2008.12.22"]
[Round "1.7"]
[White "Arribas Lopez, Angel"]
[Black "De Esteban De Esteban, Valentin"]
[Result "1-0"]
[WhiteElo "2334"]
[BlackElo "1744"]
[PlyCount "69"]
[EventDate "2008.12.22"]
[EventType "swiss"]
[EventRounds "9"]
[EventCountry "ESP"]
[Source "lmi"]
[SourceDate "2008.12.22"]

1. e4 e5 2. Nf3 d6 3. d4 exd4 4. Nxd4 Be7 5. Nc3 Nf6 6. Nde2 a6 7. a4 Be6 8.
Nf4 Bd7 9. f3 O-O 10. Be3 Nc6 11. Bc4 Ne5 12. Bb3 Nc6 13. a5 Kh8 14. Qd2 Rc8
15. O-O Ne8 16. Ncd5 Bf6 17. c3 Be5 18. Ne2 f5 19. f4 Bf6 20. Ng3 fxe4 21. Nxe4
Bf5 22. Bc2 Qd7 23. h3 Ne7 24. Ba4 Qe6 25. Ndxf6 Nxf6 26. Nxf6 Qxf6 27. Rae1
Qg6 28. Kh2 c6 29. g4 Be4 30. f5 Qf7 31. Bd4 d5 32. f6 Nf5 33. fxg7+ Kg8 34.
gxf8=Q+ Rxf8 35. gxf5 1-0

[Event "18. Ciudad de Pamplona - Abierto"]
[Site "Pamplona ESP"]
[Date "2008.12.22"]
[Round "1.8"]
[White "Marin Salvador, Ruben"]
[Black "Navarro Cia, Miguel"]
[Result "0-1"]
[WhiteElo "1725"]
[BlackElo "2318"]
[PlyCount "67"]
[EventDate "2008.12.22"]
[EventType "swiss"]
[EventRounds "9"]
[EventCountry "ESP"]
[Source "lmi"]
[SourceDate "2008.12.22"]

1. Nf3 g6 2. d4 f5 3. e3 Bg7 4. Be2 d6 5. O-O Nf6 6. c3 O-O 7. b4 Ne4 8. Qb3+
Kh8 9. Nbd2 Nxd2 10. Nxd2 e5 11. Bb2 Qe8 12. a4 g5 13. d5 g4 14. c4 Nd7 15.
Rac1 Nf6 16. c5 Qf7 17. cxd6 cxd6 18. Nc4 Ne8 19. Rfd1 Bd7 20. b5 Rg8 21. Ba3
Bf8 22. Rc2 Rg6 23. Na5 Rh6 24. f4 gxf3 25. Bxf3 Rb8 26. Bb2 Kg8 27. Nc4 Be7
28. Bxe5 dxe5 29. Nxe5 Qg7 30. Nxd7 Bd6 31. Nxb8 Rxh2 32. Nc6 Qg3 33. Ne5 Qxe5
34. Kf1 0-1

[Event "18. Ciudad de Pamplona - Abierto"]
[Site "Pamplona ESP"]
[Date "2008.12.23"]
[Round "2.1"]
[White "Argaya Urdaniz, Miguel"]
[Black "Reinaldo Castineira, Roi"]
[Result "0-1"]
[WhiteElo "2028"]
[BlackElo "2516"]
[PlyCount "62"]
[EventDate "2008.12.22"]
[EventType "swiss"]
[EventRounds "9"]
[EventCountry "ESP"]
[Source "lmi"]
[SourceDate "2008.12.22"]

1. e4 g6 2. d4 Bg7 3. c3 Nf6 4. Bd3 O-O 5. Be3 d6 6. f3 e5 7. d5 c6 8. c4 b5 9.
dxc6 bxc4 10. Bxc4 Nxc6 11. Nc3 Na5 12. Bd3 Be6 13. Nge2 d5 14. exd5 Nxd5 15.
Nxd5 Bxd5 16. Nc3 e4 17. fxe4 Bxc3+ 18. bxc3 Bxe4 19. Bxe4 Qh4+ 20. Kf1 Qxe4
21. Qd4 Qf5+ 22. Kg1 Nc6 23. Qf4 Qd3 24. Kf2 Rfe8 25. Rhd1 Qc2+ 26. Bd2 Re4 27.
Qf6 Re6 28. Qf4 Re4 29. Qf6 Rd8 30. Qxc6 Rxd2+ 31. Rxd2 Qxd2+ 0-1

[Event "18. Ciudad de Pamplona - Abierto"]
[Site "Pamplona ESP"]
[Date "2008.12.23"]
[Round "2.2"]
[White "Lariño Nieto, David"]
[Black "Cemborain Oricain, Alfonso"]
[Result "1-0"]
[WhiteElo "2469"]
[BlackElo "2029"]
[PlyCount "63"]
[EventDate "2008.12.22"]
[EventType "swiss"]
[EventRounds "9"]
[EventCountry "ESP"]
[Source "lmi"]
[SourceDate "2008.12.22"]

1. d4 d5 2. Bg5 Nd7 3. e3 Ngf6 4. Nd2 c6 5. f4 e6 6. Bd3 Be7 7. Ngf3 O-O 8. O-O
Re8 9. Ne5 Nf8 10. Rf3 N6d7 11. Bxe7 Qxe7 12. Rh3 g6 13. c3 f6 14. Nxd7 Bxd7
15. Rf3 e5 16. fxe5 Bg4 17. exf6 Qf7 18. e4 Bxf3 19. Qxf3 Kh8 20. Rf1 Red8 21.
e5 Ne6 22. Qh3 Re8 23. Be2 c5 24. Qe3 Rac8 25. Bg4 cxd4 26. cxd4 Rc7 27. Nf3
Qf8 28. Bxe6 Rxe6 29. Ng5 Rb6 30. e6 Rxb2 31. e7 Qe8 32. f7 1-0

[Event "18. Ciudad de Pamplona - Abierto"]
[Site "Pamplona ESP"]
[Date "2008.12.23"]
[Round "2.3"]
[White "Bolvary, Tamara"]
[Black "Mellado Triviño, Juan Manuel"]
[Result "0-1"]
[WhiteElo "2017"]
[BlackElo "2434"]
[PlyCount "98"]
[EventDate "2008.12.22"]
[EventType "swiss"]
[EventRounds "9"]
[EventCountry "ESP"]
[Source "lmi"]
[SourceDate "2008.12.22"]

1. e4 e6 2. d4 d5 3. Bd3 dxe4 4. Bxe4 c5 5. Ne2 Nf6 6. Bf3 Nc6 7. Be3 Nd5 8.
Bxd5 Qxd5 9. Nbc3 Qh5 10. Nb5 cxd4 11. Nc7+ Ke7 12. Nxa8 dxe3 13. fxe3 f6 14.
Qd2 Kf7 15. O-O-O Be7 16. Nd4 Qe5 17. Qc3 Bd7 18. Nb5 Qxc3 19. Nxc3 Ne5 20. Nc7
a6 21. e4 Rc8 22. N7d5 exd5 23. exd5 Bb4 24. Ne4 Rc4 25. Ng3 Bg4 26. Rdf1 Bd6
27. h3 Bd7 28. b3 Rd4 29. Rd1 Nd3+ 30. Rxd3 Rxd3 31. cxd3 Bxg3 32. Kd2 h5 33.
Rf1 Ke7 34. Ke3 Kd6 35. d4 Kxd5 36. Rc1 h4 37. Rc5+ Ke6 38. d5+ Kd6 39. b4 b6
40. Rc4 Kxd5 41. Rd4+ Ke6 42. Re4+ Kd6 43. Rd4+ Kc7 44. Rc4+ Bc6 45. Rc2 Kd6
46. Kd4 g5 47. Re2 f5 48. Rc2 g4 49. hxg4 fxg4 0-1

[Event "18. Ciudad de Pamplona - Abierto"]
[Site "Pamplona ESP"]
[Date "2008.12.23"]
[Round "2.4"]
[White "Recuero Guerra, David"]
[Black "Leranoz Zabalza, Adrian"]
[Result "1-0"]
[WhiteElo "2425"]
[BlackElo "2014"]
[PlyCount "35"]
[EventDate "2008.12.22"]
[EventType "swiss"]
[EventRounds "9"]
[EventCountry "ESP"]
[Source "lmi"]
[SourceDate "2008.12.22"]

1. d4 Nf6 2. Nf3 e6 3. c4 Nc6 4. g3 Bb4+ 5. Bd2 Bxd2+ 6. Qxd2 d6 7. Nc3 O-O 8.
Bg2 Qe7 9. O-O e5 10. Nd5 Qd8 11. dxe5 dxe5 12. Rfd1 Re8 13. Qc3 Bd7 14. Nxf6+
gxf6 15. Nh4 Qc8 16. Qd2 Bg4 17. Qh6 Bxe2 18. Be4 1-0

[Event "18. Ciudad de Pamplona - Abierto"]
[Site "Pamplona ESP"]
[Date "2008.12.23"]
[Round "2.5"]
[White "Lazkoz Diez, Oskar"]
[Black "Huerga Leache, Mikel"]
[Result "0-1"]
[WhiteElo "1984"]
[BlackElo "2417"]
[PlyCount "44"]
[EventDate "2008.12.22"]
[EventType "swiss"]
[EventRounds "9"]
[EventCountry "ESP"]
[Source "lmi"]
[SourceDate "2008.12.22"]

1. e4 c5 2. Nf3 Nc6 3. d4 cxd4 4. Nxd4 g6 5. Nc3 Bg7 6. Be3 Nf6 7. Bc4 Qa5 8.
f3 Qb4 9. Bb3 Nxe4 10. Nxc6 Bxc3+ 11. Ke2 dxc6 12. Qd3 Bxb2 13. fxe4 Bg4+ 14.
Kf2 Rd8 15. Qc4 Qxc4 16. Bxc4 Bxa1 17. Rxa1 Be6 18. Bxe6 fxe6 19. Bxa7 Rd2+ 20.
Kg3 Rxc2 21. Bd4 O-O 22. Rb1 Rc4 0-1

[Event "18. Ciudad de Pamplona - Abierto"]
[Site "Pamplona ESP"]
[Date "2008.12.23"]
[Round "2.6"]
[White "Djingarova, Emilia"]
[Black "Insausti Goni, Sebastian"]
[Result "1-0"]
[WhiteElo "2352"]
[BlackElo "1965"]
[PlyCount "46"]
[EventDate "2008.12.22"]
[EventType "swiss"]
[EventRounds "9"]
[EventCountry "ESP"]
[Source "lmi"]
[SourceDate "2008.12.22"]

1. d4 Nf6 2. c4 e6 3. Nf3 d5 4. Nc3 Bb4 5. cxd5 Qxd5 6. Bd2 Bxc3 7. Bxc3 Nc6 8.
g3 O-O 9. Bg2 b6 10. O-O Ba6 11. Ne5 Ne4 12. Qc2 f5 13. Nxc6 Qxc6 14. Rac1 Qd5
15. b3 Rf7 16. Bb2 Rc8 17. f3 Nd6 18. e4 Qa5 19. e5 Bxf1 20. Bxf1 Ne8 21. Bc4
Re7 22. Qxf5 Qd2 23. Bxe6+ Kh8 1-0

[Event "18. Ciudad de Pamplona - Abierto"]
[Site "Pamplona ESP"]
[Date "2008.12.23"]
[Round "2.7"]
[White "Peteiro Osta, Luis Angel"]
[Black "Arribas Lopez, Angel"]
[Result "0-1"]
[WhiteElo "1958"]
[BlackElo "2334"]
[PlyCount "74"]
[EventDate "2008.12.22"]
[EventType "swiss"]
[EventRounds "9"]
[EventCountry "ESP"]
[Source "lmi"]
[SourceDate "2008.12.22"]

1. e4 c5 2. Nf3 d6 3. d4 cxd4 4. Nxd4 Nf6 5. Nc3 g6 6. f4 Nbd7 7. Be2 Bg7 8.
Nb3 O-O 9. O-O b5 10. a3 Bb7 11. Qd3 a6 12. Be3 Rc8 13. Bf3 Qc7 14. Rad1 Rfd8
15. Qe2 Qb8 16. Bf2 e5 17. f5 gxf5 18. exf5 e4 19. Bh5 Ne5 20. Nd2 Re8 21.
Ndxe4 Nxe4 22. Nxe4 Nc4 23. Bxf7+ Kh8 24. Qh5 Rxe4 25. Bg6 h6 26. f6 Bf8 27.
Bxe4 Bxe4 28. Rd4 d5 29. Rxe4 dxe4 30. Bd4 Rd8 31. Bc3 Qd6 32. Qg6 Ne5 33. Qxe4
Nf7 34. Qg6 Qd5 35. h3 Bc5+ 36. Kh1 Rg8 37. Qh5 Qxg2# 0-1

[Event "18. Ciudad de Pamplona - Abierto"]
[Site "Pamplona ESP"]
[Date "2008.12.23"]
[Round "2.9"]
[White "Eguia Cambero, Ignacio J"]
[Black "Rudolf, Anna"]
[Result "0-1"]
[WhiteElo "1938"]
[BlackElo "2318"]
[PlyCount "82"]
[EventDate "2008.12.22"]
[EventType "swiss"]
[EventRounds "9"]
[EventCountry "ESP"]
[Source "lmi"]
[SourceDate "2008.12.22"]

1. e4 e6 2. d4 d5 3. Nc3 Nf6 4. Bg5 dxe4 5. Nxe4 Nbd7 6. Nf3 h6 7. Nxf6+ Nxf6
8. Bh4 Be7 9. Be2 c5 10. O-O cxd4 11. Qxd4 Qxd4 12. Nxd4 Bd7 13. Bg3 Bc5 14.
Rad1 Rc8 15. c3 Ne4 16. Bf3 Nxg3 17. hxg3 Rc7 18. Rd2 Ke7 19. Rfd1 Re8 20. Nc2
a5 21. Be2 Rb8 22. b4 axb4 23. cxb4 Ba7 24. Na3 b5 25. Rxd7+ Rxd7 26. Rxd7+
Kxd7 27. Nxb5 Bb6 28. a4 Rc8 29. a5 Rc1+ 30. Kh2 Bxf2 31. Bd3 f5 32. a6 Ra1 33.
Nc3 Bg1+ 34. Kh3 Bc5 35. Kh2 Bxb4 36. Ne2 Bc5 37. Nf4 g5 38. Ne2 Kd6 39. g4
fxg4 40. Ng3 Bg1+ 41. Kh1 Bf2+ 0-1

[Event "18. Ciudad de Pamplona - Abierto"]
[Site "Pamplona ESP"]
[Date "2008.12.23"]
[Round "2.10"]
[White "Vega Gutierrez, Sabrina"]
[Black "Ballina Amandi, Casimiro"]
[Result "1-0"]
[WhiteElo "2278"]
[BlackElo "1925"]
[PlyCount "65"]
[EventDate "2008.12.22"]
[EventType "swiss"]
[EventRounds "9"]
[EventCountry "ESP"]
[Source "lmi"]
[SourceDate "2008.12.22"]

1. e4 c6 2. d4 d5 3. Nc3 dxe4 4. Nxe4 Nd7 5. Bc4 Ngf6 6. Nxf6+ Nxf6 7. c3 e6 8.
Nf3 c5 9. Ne5 a6 10. Be3 Bd6 11. Qa4+ Bd7 12. Nxd7 Qxd7 13. Qxd7+ Nxd7 14. Rd1
Rc8 15. Be2 Ke7 16. Bf3 Rc7 17. O-O Nf6 18. dxc5 Bxc5 19. Bf4 Rd7 20. Rxd7+
Nxd7 21. Bxb7 a5 22. Bc6 Nb6 23. Rd1 Rd8 24. Rxd8 Kxd8 25. Kf1 Ke7 26. Bc7 Nc4
27. b3 Bb6 28. Bxb6 Nxb6 29. Ke2 Kd6 30. Bf3 Kc5 31. Kd3 Nd7 32. Be2 e5 33. a3
1-0

[Event "18. Ciudad de Pamplona - Abierto"]
[Site "Pamplona ESP"]
[Date "2008.12.23"]
[Round "2.11"]
[White "Garcia Paolicchi, Raul"]
[Black "Jimenez Almeida, Luis David"]
[Result "1-0"]
[WhiteElo "2257"]
[BlackElo "1888"]
[PlyCount "47"]
[EventDate "2008.12.22"]
[EventType "swiss"]
[EventRounds "9"]
[EventCountry "ESP"]
[Source "lmi"]
[SourceDate "2008.12.22"]

1. d4 Nf6 2. Nf3 g6 3. c4 Bg7 4. Nc3 O-O 5. Bg5 d6 6. e3 c5 7. d5 e5 8. dxe6
fxe6 9. Be2 b6 10. Qb3 Bb7 11. Rd1 Qc7 12. Nb5 Qc6 13. Nxd6 a6 14. Nxb7 Qxb7
15. O-O Nbd7 16. Nd2 h6 17. Bf3 Qa7 18. Bxf6 Rxf6 19. Bxa8 Qxa8 20. Nf3 Rf7 21.
Rd6 Qe4 22. Qd3 Qg4 23. Rxd7 Rxf3 24. Qd1 1-0

[Event "18. Ciudad de Pamplona - Abierto"]
[Site "Pamplona ESP"]
[Date "2008.12.23"]
[Round "2.12"]
[White "Ortega Lopez, Adrian"]
[Black "Vega Gutierrez, Belinda"]
[Result "0-1"]
[WhiteElo "1911"]
[BlackElo "2226"]
[PlyCount "64"]
[EventDate "2008.12.22"]
[EventType "swiss"]
[EventRounds "9"]
[EventCountry "ESP"]
[Source "lmi"]
[SourceDate "2008.12.22"]

1. e4 e5 2. d4 exd4 3. Nf3 Nc6 4. Bc4 Nf6 5. e5 d5 6. Bb5 Ne4 7. Nxd4 Bc5 8.
Be3 Bxd4 9. Qxd4 O-O 10. Bxc6 bxc6 11. O-O Re8 12. f3 Ng5 13. f4 Ne4 14. Nc3
Bf5 15. Nxe4 Bxe4 16. c4 Qd7 17. Rad1 Qg4 18. Rd2 h5 19. Qc5 Re6 20. cxd5 cxd5
21. Qc1 Rg6 22. Rff2 Qf5 23. Qd1 a5 24. Qe2 Raa6 25. Rd1 Rac6 26. Rc1 d4 27.
Bd2 Rxc1+ 28. Bxc1 Rc6 29. Qd1 Bd5 30. Bd2 Rc2 31. Be1 Rxb2 32. Bxa5 Rb1 0-1

[Event "18. Ciudad de Pamplona - Abierto"]
[Site "Pamplona ESP"]
[Date "2008.12.23"]
[Round "2.13"]
[White "Donazar Garayoa, Miguel"]
[Black "Minaya Molano, Juan"]
[Result "0-1"]
[WhiteElo "1889"]
[BlackElo "2196"]
[PlyCount "84"]
[EventDate "2008.12.22"]
[EventType "swiss"]
[EventRounds "9"]
[EventCountry "ESP"]
[Source "lmi"]
[SourceDate "2008.12.22"]

1. e4 c5 2. g3 d5 3. Bg2 dxe4 4. Bxe4 Nf6 5. Bg2 Bg4 6. Ne2 Nc6 7. O-O Qd7 8.
Nbc3 e5 9. d3 h6 10. f4 Be7 11. Be3 Bh3 12. fxe5 Bxg2 13. Kxg2 Nxe5 14. Ng1
Qc6+ 15. Nf3 O-O 16. Kg1 Ng6 17. Qe2 Rae8 18. Qg2 Ng4 19. Bf2 f5 20. Nd2 Qxg2+
21. Kxg2 Bg5 22. Nc4 b6 23. Rae1 f4 24. gxf4 Nxf4+ 25. Kg3 Rxe1 26. Bxe1 Ne2+
27. Kg2 Rxf1 28. Kxf1 Nxc3 29. Bxc3 Nxh2+ 30. Kg2 Ng4 31. Kg3 b5 32. Ne5 Ne3
33. Nf3 Bd8 34. Ne1 Kf7 35. Kf3 Nf5 36. Be5 Ke6 37. Bb8 g5 38. c3 a6 39. b4
cxb4 40. cxb4 g4+ 41. Kf4 Bh4 42. Ng2 Bg3+ 0-1

[Event "18. Ciudad de Pamplona - Abierto"]
[Site "Pamplona ESP"]
[Date "2008.12.23"]
[Round "2.14"]
[White "Burguete Archel, Eduardo"]
[Black "Otano Villanueva, Joseba"]
[Result "1-0"]
[WhiteElo "2176"]
[BlackElo "1867"]
[PlyCount "61"]
[EventDate "2008.12.22"]
[EventType "swiss"]
[EventRounds "9"]
[EventCountry "ESP"]
[Source "lmi"]
[SourceDate "2008.12.22"]

1. e4 e5 2. Bc4 Nf6 3. d3 h6 4. Nc3 c6 5. Nf3 d5 6. exd5 cxd5 7. Bb5+ Bd7 8.
Nxe5 Bxb5 9. Nxb5 Qa5+ 10. Nc3 d4 11. Nc4 Qb4 12. a3 Qc5 13. Ne2 Nc6 14. O-O b5
15. Nd2 Bd6 16. Nf3 g5 17. b4 Qd5 18. c4 Qf5 19. Nexd4 Nxd4 20. Nxd4 Bxh2+ 21.
Kxh2 Qe5+ 22. Kg1 Qxd4 23. Qe2+ Kd7 24. Bb2 Qd6 25. Qf3 Rhe8 26. Qxf6 Re6 27.
Qxf7+ Re7 28. Qf5+ Kc7 29. c5 Qc6 30. Be5+ Kd8 31. Bf6 1-0

[Event "18. Ciudad de Pamplona - Abierto"]
[Site "Pamplona ESP"]
[Date "2008.12.23"]
[Round "2.15"]
[White "Sevilla Subiza, Javier"]
[Black "Ugalde Ezcurra, Jose Miguel"]
[Result "0-1"]
[WhiteElo "1859"]
[BlackElo "2158"]
[PlyCount "66"]
[EventDate "2008.12.22"]
[EventType "swiss"]
[EventRounds "9"]
[EventCountry "ESP"]
[Source "lmi"]
[SourceDate "2008.12.22"]

1. d4 d6 2. Nf3 Bg4 3. g3 e6 4. Bg2 Nf6 5. O-O Nbd7 6. c4 c6 7. Nc3 d5 8. h3
Bh5 9. Bf4 dxc4 10. e4 Bb4 11. Re1 O-O 12. Qe2 b5 13. g4 Bg6 14. Nh4 Bxe4 15.
Bxe4 Nxe4 16. Qxe4 Qxh4 17. Qxc6 Nf6 18. Qf3 Nd5 19. Be5 Bxc3 20. bxc3 a5 21.
Reb1 b4 22. cxb4 axb4 23. Bd6 Ra3 24. Qg2 Rd8 25. Bg3 Qf6 26. Be5 Qh6 27. Bg3
Rda8 28. Bd6 Qd2 29. Rd1 Qe2 30. Re1 Qd3 31. Red1 Qxh3 32. Qe4 Nc3 33. Qc2
Qxg4+ 0-1

[Event "18. Ciudad de Pamplona - Abierto"]
[Site "Pamplona ESP"]
[Date "2008.12.23"]
[Round "3.1"]
[White "Reinaldo Castineira, Roi"]
[Black "Garcia Paolicchi, Raul"]
[Result "1-0"]
[WhiteElo "2516"]
[BlackElo "2257"]
[PlyCount "89"]
[EventDate "2008.12.22"]
[EventType "swiss"]
[EventRounds "9"]
[EventCountry "ESP"]
[Source "lmi"]
[SourceDate "2008.12.22"]

1. c4 e5 2. g3 Nc6 3. Bg2 g6 4. Nc3 Bg7 5. d3 d6 6. Rb1 Nf6 7. Nf3 O-O 8. O-O
h6 9. b4 a6 10. a4 Be6 11. b5 axb5 12. axb5 Ne7 13. Bb2 Qd7 14. Nd2 Rab8 15.
Re1 Ne8 16. Ra1 f5 17. Ra7 b6 18. Qb3 f4 19. Rc1 Bh3 20. c5+ Be6 21. c6 Qc8 22.
Nd5 Nxd5 23. Bxd5 Bxd5 24. Qxd5+ Kh7 25. Ne4 Qf5 26. f3 fxg3 27. hxg3 Qf7 28.
Qxf7 Rxf7 29. Nc3 Nf6 30. Rca1 d5 31. Rb7 Rbf8 32. Raa7 d4 33. Na4 Nd5 34. Ba3
Re8 35. Nxb6 Nc3 36. Rxc7 Rxc7 37. Rxc7 Nxe2+ 38. Kf2 Nc3 39. Rb7 Nxb5 40. Nd7
Rc8 41. Rxb5 Rxc6 42. Nxe5 Rc2+ 43. Kf1 Bxe5 44. Rxe5 Rc3 45. Bb2 1-0

[Event "18. Ciudad de Pamplona - Abierto"]
[Site "Pamplona ESP"]
[Date "2008.12.23"]
[Round "3.2"]
[White "Vega Gutierrez, Belinda"]
[Black "Lariño Nieto, David"]
[Result "1/2-1/2"]
[WhiteElo "2226"]
[BlackElo "2469"]
[PlyCount "140"]
[EventDate "2008.12.22"]
[EventType "swiss"]
[EventRounds "9"]
[EventCountry "ESP"]
[Source "lmi"]
[SourceDate "2008.12.22"]

1. e4 e5 2. Nf3 Nc6 3. Bb5 Nd4 4. Bc4 Nxf3+ 5. Qxf3 Qf6 6. Nc3 c6 7. d3 Ne7 8.
Qxf6 gxf6 9. f4 Bh6 10. Rf1 O-O 11. Bd2 Kg7 12. O-O-O d6 13. Kb1 Be6 14. g4
Bxf4 15. Bxf4 exf4 16. Ne2 Ng6 17. h3 Bxc4 18. dxc4 Rae8 19. Nxf4 Nxf4 20. Rxf4
Re6 21. b3 Rfe8 22. Rdf1 Rxe4 23. Rxf6 Re1+ 24. Kb2 Rxf1 25. Rxf1 Re3 26. h4
Re4 27. Rg1 Kf6 28. Kc3 Ke5 29. Kd3 f6 30. a4 a5 31. Rg2 d5 32. cxd5 cxd5 33.
Rg1 Rd4+ 34. Ke3 Rf4 35. Rg2 b6 36. Rg1 d4+ 37. Ke2 Re4+ 38. Kd2 f5 39. gxf5
Rxh4 40. Rf1 Rh6 41. Kd3 Rc6 42. Rh1 h6 43. Rh5 Rf6 44. Kc4 Ke4 45. Rh4+ Kxf5
46. Rxd4 h5 47. b4 axb4 48. Kxb4 Ke5 49. Rd1 h4 50. c4 h3 51. a5 bxa5+ 52. Kxa5
h2 53. Kb5 Rg6 54. Rh1 Rg2 55. Kc5 Ke4 56. Kb6 Rg6+ 57. Kb5 Rg2 58. c5 Kd5 59.
Rd1+ Ke6 60. Rd6+ Kf5 61. Rh6 Rb2+ 62. Kc6 Kg5 63. Rh8 Rf2 64. Kb5 Kg4 65. Kb6
Rb2+ 66. Kc7 Kg3 67. c6 Rb4 68. Rxh2 Kxh2 69. Kd7 Rc4 70. c7 Rxc7+ 1/2-1/2

[Event "18. Ciudad de Pamplona - Abierto"]
[Site "Pamplona ESP"]
[Date "2008.12.23"]
[Round "3.5"]
[White "Huerga Leache, Mikel"]
[Black "Munoz Arana, Miguel"]
[Result "1-0"]
[WhiteElo "2417"]
[BlackElo "2100"]
[PlyCount "145"]
[EventDate "2008.12.22"]
[EventType "swiss"]
[EventRounds "9"]
[EventCountry "ESP"]
[Source "lmi"]
[SourceDate "2008.12.22"]

1. e4 c5 2. Nf3 g6 3. d4 Bg7 4. dxc5 Qa5+ 5. c3 Qxc5 6. Na3 Nf6 7. Nb5 b6 8.
Be3 Qc6 9. Bd3 O-O 10. O-O Bb7 11. Re1 d6 12. Qd2 Nbd7 13. Nbd4 Qc7 14. Nb5 Qc6
15. Nbd4 Qc7 16. Bf4 Ng4 17. Rad1 a6 18. Bg5 Rfe8 19. Qf4 Nge5 20. Qh4 Nxf3+
21. Nxf3 Ne5 22. Nxe5 dxe5 23. Bc2 a5 24. Rd3 b5 25. Bh6 Bc8 26. Bxg7 Kxg7 27.
Bb3 f6 28. Red1 a4 29. Bd5 Ra6 30. a3 Rd6 31. f4 exf4 32. Qxf4 Red8 33. Kh1 Qc5
34. Rf1 e5 35. Qh4 Qc7 36. Rdf3 Rf8 37. Rg3 Qe7 38. Rd3 Be6 39. Bxe6 Qxe6 40.
Rh3 h5 41. Rg3 Kh6 42. Rgf3 Qg4 43. Qe1 Qg5 44. h3 Kg7 45. R3f2 Rfd8 46. Qe2
Rb8 47. Rd1 Rxd1+ 48. Qxd1 Rf8 49. Qd3 Qh4 50. Kg1 Rf7 51. Re2 g5 52. Qxb5 g4
53. Qd3 Kh7 54. hxg4 Qxg4 55. Qf3 Qxf3 56. gxf3 Rd7 57. Rc2 Kg6 58. c4 f5 59.
Kf2 f4 60. c5 Rc7 61. Kg2 Kf6 62. Kh3 Kg5 63. c6 Kf6 64. Kh4 Kg6 65. Rc4 Kh6
66. Rc3 Kg6 67. Rc5 Kf6 68. Kxh5 Ke6 69. Kg6 Rc8 70. c7 Kd6 71. Rc2 Ke6 72. Kg7
Kd6 73. Kf7 1-0

[Event "18. Ciudad de Pamplona - Abierto"]
[Site "Pamplona ESP"]
[Date "2008.12.23"]
[Round "3.7"]
[White "Arribas Lopez, Angel"]
[Black "Zamarbide Iñarrea, Daniel"]
[Result "1-0"]
[WhiteElo "2334"]
[BlackElo "2079"]
[PlyCount "55"]
[EventDate "2008.12.22"]
[EventType "swiss"]
[EventRounds "9"]
[EventCountry "ESP"]
[Source "lmi"]
[SourceDate "2008.12.22"]

1. e4 e6 2. d4 d5 3. Nc3 Nc6 4. Nf3 Nf6 5. e5 Ne4 6. Ne2 f6 7. Ng3 Bd7 8. Bb5
Qe7 9. Bxc6 Bxc6 10. O-O O-O-O 11. c3 Qf7 12. a4 Be7 13. Qd3 f5 14. b4 b6 15.
b5 Bb7 16. a5 g5 17. Ne2 Rdg8 18. Ne1 g4 19. Qc2 h5 20. Nd3 h4 21. axb6 axb6
22. Ra7 g3 23. fxg3 hxg3 24. h3 Qe8 25. Qa4 Nf2 26. Ndf4 Bd8 27. Rxb7 Kxb7 28.
Qa6+ 1-0